Fr. Conceicao Rodrigues College of Engineering

Advanced internet technology (Record no. 26028)

MARC details
000 -LEADER
fixed length control field 00345nam a2200169Ia 4500
082 ## - DEWEY DECIMAL CLASSIFICATION NUMBER
Classification number 4.65
Item number SHA
100 ## - MAIN ENTRY--PERSONAL NAME
Personal name shah/Deven
245 ## - TITLE STATEMENT
Title Advanced internet technology
260 ## - PUBLICATION, DISTRIBUTION, ETC.
Name of publisher, distributor, etc. Dreamtech
Date of publication, distribution, etc. 2015
366 ## - TRADE AVAILABILITY INFORMATION
Publishers's discount category 20
300 ## - PHYSICAL DESCRIPTION
Extent 422
546 ## - LANGUAGE NOTE
Language note ENGLISH
650 ## - SUBJECT ADDED ENTRY--TOPICAL TERM
Topical term or geographic name entry element Internet
654 ## - SUBJECT ADDED ENTRY--FACETED TOPICAL TERMS
Focus term advanced internet
942 ## - ADDED ENTRY ELEMENTS (KOHA)
Koha item type BOOK
Holdings
Withdrawn status Lost status Damaged status Not for loan Collection Home library Current library Date acquired Source of acquisition Cost, normal purchase price Inventory number Total Checkouts Full call number Barcode Date last seen Cost, replacement price Price effective from Koha item type
        CRC Fr. Agnel's C.Rodrigues College of Engineering Fr. Agnel's C.Rodrigues College of Engineering 17/03/2023 Allied Publisher 359.20 332 dt 02.07.2018   4.65 SHA 25284 17/03/2023 449.00   BOOK
        CRC Fr. Agnel's C.Rodrigues College of Engineering Fr. Agnel's C.Rodrigues College of Engineering 17/03/2023 Allied Publisher 359.20 332 dt 02.07.2018   4.65 SHA 25285 17/03/2023 449.00   BOOK
        CRC Fr. Agnel's C.Rodrigues College of Engineering Fr. Agnel's C.Rodrigues College of Engineering 17/03/2023 Allied Publisher 359.20 332 dt 02.07.2018   4.65 SHA 25286 17/03/2023 449.00   BOOK
        CRC Fr. Agnel's C.Rodrigues College of Engineering Fr. Agnel's C.Rodrigues College of Engineering 17/03/2023 Allied Publisher 359.20 332 dt 02.07.2018   4.65 SHA 25287 17/03/2023 449.00   BOOK
        CRC Fr. Agnel's C.Rodrigues College of Engineering Fr. Agnel's C.Rodrigues College of Engineering 17/03/2023 Allied Publisher 359.20 332 dt 02.07.2018   4.65 SHA 25288 17/03/2023 449.00   BOOK